[Event "Tradewise Gibraltar"]
[Site "Caleta ENG"]
[Date "2015.01.27"]
[Round "1.119"]
[White "Johan Salomon"]
[Black "Raymond Gouait"]
[Result "1-0"]
[WhiteElo "2319"]
[BlackElo "1595"]
[Annotator "Wall,Bill"]
[PlyCount "39"]
[EventDate "2015.01.27"]

1. d4 Nf6 2. c4 e6 3. Nc3 Bb4 4. Qc2 O-O 5. Nf3 d5 6. a3 Bxc3+ 7. Qxc3 Ne4 8.
Qc2 Nd7 9. e3 c5 10. dxc5 Ndxc5 11. b4 Nd7 12. Bb2 Ndf6 13. Bd3 Bd7 14. O-O g6
(14... Rc8) 15. Ne5 Rc8 16. Rfd1 Qc7 (16... Nd6) 17. Nxd7 Qxd7 18. Bxe4 Nxe4
19. Qxe4 Rxc4 20. Qxc4 1-0

[Event "Tradewise Gibraltar"]
[Site "Caleta ENG"]
[Date "2015.01.28"]
[Round "2.36"]
[White "Marco Codenotti"]
[Black "Ruben Felgaer"]
[Result "1/2-1/2"]
[WhiteElo "2374"]
[BlackElo "2575"]
[Annotator "Wall,Bill"]
[PlyCount "217"]
[EventDate "2015.01.27"]

1. e4 c5 2. Nf3 Nc6 3. d4 cxd4 4. Nxd4 Nf6 5. Nc3 e5 6. Ndb5 d6 7. Bg5 a6 8.
Na3 b5 9. Bxf6 gxf6 10. Nd5 f5 11. Bd3 Be6 12. O-O Bxd5 13. exd5 Ne7 14. Nxb5
Bg7 15. Nc3 e4 16. Bc4 Ng6 17. Qh5 Bxc3 18. bxc3 Qf6 19. f4 O-O 20. Bb3 Rac8
21. Qg5 Kg7 22. c4 Qxg5 23. fxg5 f4 24. h4 h5 25. g3 fxg3 26. Kg2 Nxh4+ 27.
Kxg3 Nf3 28. Rh1 Kg6 29. Kf4 Rfe8 30. Ba4 Re5 31. Bc6 Nd4 32. Rad1 Nxc6 33.
dxc6 Rf5+ 34. Kxe4 Rxc6 35. Rd4 Rxg5 36. Rhd1 Re5+ 37. Kf4 Re6 38. R1d2 Kf6 39.
c5 Rxc5 40. Rxd6 Rf5+ 41. Kg3 Ra5 42. Rd7 Kg6 43. c4 f6 44. R7d5 Ra4 45. c5
Re3+ 46. Kh2 Ree4 47. Rg2+ Rg4 48. c6 Rxg2+ 49. Kxg2 Rxa2+ 50. Kf3 Rc2 51. Rd6
Kg5 52. c7 Rc3+ 53. Kg2 Rxc7 54. Rxa6 $11 Rc4 55. Ra8 Kf4 56. Rh8 Rc5 57. Rh6
Kg5 58. Rh8 Kg4 59. Rg8+ $1 Rg5 60. Ra8 f5 61. Ra4+ f4 62. Ra8 h4 63. Rh8 $2 (
63. Rb8) (63. Rc8) (63. Rd8) (63. Re8) (63. Ra7) 63... Rg7 $2 (63... f3+ $1)
64. Rh6 $2 (64. Ra8) 64... Rg5 (64... f3+) 65. Rh8 Rc5 $2 (65... f3+ $1) 66.
Rg8+ $1 Kf5 67. Kf3 Rc3+ 68. Kf2 Rc2+ 69. Kf3 $1 Rc3+ 70. Kf2 Rc6 71. Rf8+ Kg5
72. Rg8+ Rg6 73. Rh8 $2 (73. Ra8 $11) 73... Kg4 $1 74. Kg2 Rb6 $2 (74... f3+ $1
) 75. Rg8+ Kf5 76. Kf3 h3 77. Rh8 Rb3+ 78. Kf2 h2 79. Rxh2 Rb2+ 80. Kf3 Rb3+
81. Kf2 Ke4 82. Rh8 Rb2+ 83. Kg1 Ke3 84. Re8+ Kf3 85. Rf8 Rg2+ 86. Kf1 Rd2 87.
Kg1 Rd1+ 88. Kh2 Rf1 89. Ra8 Re1 90. Rf8 Re4 91. Kg1 Rd4 92. Rf7 Rd1+ 93. Kh2
Ke3 94. Kg2 Rd2+ 95. Kg1 Kf3 96. Rf8 Rg2+ 97. Kf1 Rg7 98. Ra8 Re7 99. Rf8 Ke3
100. Ra8 Kf3 101. Rf8 Ra7 102. Kg1 Ra1+ 103. Kh2 Rf1 104. Ra8 Re1 105. Rf8 Re4
106. Kg1 Rd4 107. Rf7 Rd1+ 108. Kh2 Ke3 109. Kg2 1/2-1/2

[Event "Tradewise Gibraltar"]
[Site "Caleta ENG"]
[Date "2015.01.28"]
[Round "2.44"]
[White "Ioan-Cristian Chirila"]
[Black "Samir Lejlic"]
[Result "1-0"]
[WhiteElo "2548"]
[BlackElo "2354"]
[Annotator "Wall,Bill"]
[PlyCount "35"]
[EventDate "2015.01.27"]

1. d4 g6 2. e4 Bg7 3. Nc3 d6 4. f4 c6 5. Nf3 b5 6. Bd3 Bg4 7. e5 b4 8. Ne4 Nh6
9. Be3 f6 $2 (9... Nf5) 10. h3 Bxf3 11. Qxf3 fxe5 (11... O-O 12. O-O-O) 12.
fxe5 Rf8 13. Qe2 Nf5 (13... dxe5 14. Ng5) 14. exd6 exd6 (14... Bxd4 15. dxe7
Nxe7 16. Bxd4) 15. Bg5 Ne7 16. O-O-O Kd7 17. Rhe1 Rf7 18. Nxd6 1-0

[Event "Tradewise Gibraltar"]
[Site "Caleta ENG"]
[Date "2015.01.28"]
[Round "2.119"]
[White "Anders Nilsson Aure"]
[Black "Sigve Holleland"]
[Result "0-1"]
[WhiteElo "1688"]
[BlackElo "2116"]
[Annotator "Wall,Bill"]
[PlyCount "184"]
[EventDate "2015.01.27"]

1. c4 e5 2. Nc3 Nf6 3. g3 d5 4. cxd5 Nxd5 5. Bg2 Nb6 6. Nf3 Nc6 7. d3 Be7 8.
O-O Be6 9. Be3 f6 10. Rc1 Nd5 11. Nxd5 Bxd5 12. Qc2 O-O 13. a3 a5 14. Rfd1 a4
15. Nd2 Bxg2 16. Kxg2 Qd5+ 17. Kg1 Bd6 18. Qc4 Qf7 19. Ne4 Na5 20. Qxf7+ Rxf7
21. Rc3 Nb3 22. Nd2 Nd4 23. Bxd4 exd4 24. Rc4 Be5 25. f4 b5 26. Rb4 Rb8 27. Rc1
Bd6 28. Rxd4 b4 29. axb4 Bxb4 30. Ne4 f5 31. Ng5 Bd2 32. Rcc4 Be3+ 33. Kf1 Bxd4
34. Rxd4 Re7 35. Rxa4 h6 36. Nf3 Rxb2 37. Ne5 Rc2 38. Ra8+ Kh7 39. Rf8 g6 40.
Rf7+ Rxf7 41. Nxf7 Kg7 42. Ne5 Kf6 43. Kf2 g5 44. h3 Ra2 45. Kf3 Ke6 46. Nc6
Ra6 47. Nd4+ Kf6 48. Nc2 c5 49. Ne3 Ke6 50. Nc4 Ra1 51. Ne3 Rc1 52. Kf2 Kf6 53.
Kf3 h5 54. fxg5+ Kxg5 55. h4+ Kf6 56. Nc4 Ra1 57. Ke3 Rf1 58. Nd2 Ra1 59. Nc4
Ra8 60. Kf3 Rg8 61. Kf4 Rg4+ 62. Kf3 Rd4 63. Ne3 Rd8 64. Nc4 Ke6 65. Kf4 Rd4+
66. Kf3 Kd5 67. Ne3+ Ke5 68. Nc4+ Kf6 69. Ne3 Rd8 70. Nc4 Rd7 71. Kf4 Ke6 72.
Ke3 Rg7 73. Kf3 Rg8 74. Ne3 Ra8 75. Nc4 (75. Kf4) 75... Ra1 76. Ne3 Ke5 77. Nc2
(77. Nc4+) 77... Rf1+ 78. Kg2 Rc1 79. Ne3 f4 80. Nc4+ Rxc4 81. dxc4 fxg3 82.
Kxg3 Ke4 83. Kf2 Kd4 84. e3+ Kxc4 85. Ke2 Kc3 86. Kf3 c4 87. Kf4 Kd3 88. Kg5 c3
89. Kxh5 c2 90. Kg6 c1=Q 91. h5 Qc6+ 92. Kh7 Qf6 0-1

[Event "Tradewise Gibraltar"]
[Site "Caleta ENG"]
[Date "2015.01.29"]
[Round "3.49"]
[White "Chanda Sandipan"]
[Black "Menna Barreto, Felipe Kubiaki"]
[Result "1-0"]
[WhiteElo "2574"]
[BlackElo "2247"]
[Annotator "Wall,Bill"]
[PlyCount "37"]
[EventDate "2015.01.27"]

1. d4 Nf6 2. c4 g6 3. Nc3 Bg7 4. e4 d6 5. Be2 O-O 6. Bg5 Nc6 7. d5 Ne5 8. Qd2
c6 9. Nf3 Nxf3+ 10. Bxf3 cxd5 11. cxd5 Bd7 12. O-O Qa5 13. Rfe1 Rac8 14. e5
dxe5 15. Rxe5 e6 16. Re2 exd5 $2 (16... Qb6) 17. Bxf6 Bxf6 18. Nxd5 Bd8 19.
Nf6+ 1-0

[Event "Tradewise Gibraltar"]
[Site "Caleta ENG"]
[Date "2015.01.29"]
[Round "3.87"]
[White "Lolomari Erekosima George"]
[Black "Ellinor Frisk"]
[Result "0-1"]
[WhiteElo "1857"]
[BlackElo "2266"]
[Annotator "Wall,Bill"]
[PlyCount "168"]
[EventDate "2015.01.27"]

1. Nf3 d5 2. c4 c6 3. b3 Bg4 4. g3 Bxf3 5. exf3 e6 6. Bb2 Nf6 7. Bg2 Be7 8. O-O
O-O 9. Re1 c5 10. cxd5 exd5 11. d4 cxd4 12. Na3 Bb4 13. Re2 Bc3 14. Nb5 Bxb2
15. Rxb2 Nc6 16. Nxd4 Qb6 17. Rd2 Rad8 18. Rc1 g6 19. Rcc2 Rd6 20. Qa1 Rfd8 21.
Qb2 Ne8 22. h4 Ng7 23. Bh3 h5 24. Rc1 f5 25. f4 Nxd4 26. Rxd4 Ne6 27. Rd2 d4
28. Bf1 Nc5 29. Bc4+ Kh7 30. f3 Nd7 31. Kg2 Nf6 32. Qc2 Qc6 33. Qd1 Qd7 34. Qf1
a6 35. a4 d3 36. a5 Rd4 37. Re1 Kh6 38. Re5 Nd5 39. Bxd5 Rxd5 40. Qe1 Qb5 41.
Re7 R5d7 42. Re5 Rd5 43. Re7 R8d7 44. Re8 Rd8 45. Re7 R5d7 46. Re5 Qb4 47. Qe3
Qd4 48. Qxd4 Rxd4 49. Rc5 R4d5 50. Rc3 Rxa5 51. Rdxd3 Rxd3 52. Rxd3 Rb5 53. Kf2
Kg7 54. g4 Kf7 55. gxh5 gxh5 56. Re3 Rb4 57. Rc3 Ke6 58. Ke3 Rb5 59. Kd4 Kd6
60. Ke3 Rc5 61. Rd3+ Rd5 62. Rc3 Rd1 63. Kf2 a5 64. Rc8 Rb1 65. Rh8 (65. Rf8)
65... Rxb3 66. Rxh5 Ke6 67. Rg5 a4 68. Rg1 a3 69. h5 a2 70. Ra1 Rb2+ 71. Ke3
Kf7 72. Kd4 Rb4+ 73. Kc3 Ra4 74. Kb3 Ra6 75. Rxa2 Rxa2 76. Kxa2 Kg7 77. Kb3 Kh6
78. Kc4 Kxh5 79. Kd5 b5 80. Kc5 Kh4 81. Kxb5 Kg3 82. Kc4 Kxf4 83. Kd3 Kxf3 84.
Kd2 Kf2 0-1

[Event "Tradewise Gibraltar"]
[Site "Caleta ENG"]
[Date "2015.01.29"]
[Round "3.119"]
[White "Luis Antonio Maximino Bouxo"]
[Black "Nnamdi Nwoye"]
[Result "0-1"]
[WhiteElo "1711"]
[BlackElo "2015"]
[Annotator "Wall,Bill"]
[PlyCount "40"]
[EventDate "2015.01.27"]

1. d4 Nf6 2. c4 e6 3. Nc3 Bb4 4. Qc2 Nc6 5. Nf3 d6 6. Bg5 h6 7. Bd2 O-O 8. e3
Qe7 9. a3 Bxc3 10. Bxc3 a5 11. Be2 a4 12. Nd2 e5 13. d5 Nb8 14. Nf3 Bg4 15.
O-O-O Nbd7 16. h3 Bh5 17. e4 Bg6 18. Nd2 Nc5 19. f3 c6 20. Nb1 $2 (20. dxc6)
20... Nb3+ 0-1

[Event "Tradewise Gibraltar"]
[Site "Caleta ENG"]
[Date "2015.01.29"]
[Round "3.122"]
[White "Kimia Moradi"]
[Black "Anders Nilsson Aure"]
[Result "1-0"]
[WhiteElo "1984"]
[BlackElo "1688"]
[Annotator "Wall,Bill"]
[PlyCount "39"]
[EventDate "2015.01.27"]

1. e4 c5 2. c3 e6 3. d4 d5 4. exd5 exd5 5. Nf3 Nf6 6. Bb5+ Nc6 7. O-O cxd4 8.
Nxd4 Bd7 9. Re1+ Be7 10. Qe2 Nxd4 11. Bxd7+ Qxd7 12. cxd4 Kd8 $2 (12... a5) 13.
Nc3 Re8 14. Qf3 h6 (14... Rc8) 15. Bf4 Bb4 (15... Rc8) 16. Bxh6 Ne4 17. Bxg7 f5
18. Be5 Rg8 19. Nxe4 dxe4 20. Qb3 1-0

[Event "Tradewise Gibraltar"]
[Site "Caleta ENG"]
[Date "2015.01.30"]
[Round "4.41"]
[White "Al-Sayed, Mohammed"]
[Black "Johan Salomon"]
[Result "1-0"]
[WhiteElo "2516"]
[BlackElo "2319"]
[Annotator "Wall,Bill"]
[PlyCount "189"]
[EventDate "2015.01.27"]

1. Nf3 d5 2. d4 Nf6 3. c4 dxc4 4. e3 b5 5. a4 b4 6. Bxc4 e6 7. O-O Be7 8. Nbd2
O-O 9. Qe2 Nbd7 10. a5 c5 11. Nb3 Bb7 12. a6 Bxf3 13. Qxf3 cxd4 14. exd4 Nb6
15. Bd3 Qd5 16. Qxd5 Nfxd5 17. Bd2 Rfc8 18. Rfc1 h6 19. Bb5 Rxc1+ 20. Rxc1 Bg5
21. Bxg5 hxg5 22. Na5 Kf8 23. Rc5 Ke7 24. Bc6 Rc8 25. Bb7 Rxc5 26. dxc5 Na4 27.
Nc6+ Kd7 28. Nxa7 Nxc5 29. Nb5 Nb6 30. Kf1 e5 31. Ke2 f5 32. Kd2 Nb3+ 33. Kc2
Nc5 34. f3 Ke6 35. g4 g6 36. Kd1 Kd7 37. Ke2 Ke6 38. Kf1 Ke7 39. Kg2 Ke6 40.
Kg3 b3 41. Kf2 Nd3+ 42. Ke2 Nxb2 43. Nc3 N2c4 44. a7 b2 45. a8=Q Nxa8 46. Bd5+
Kd6 47. Bxc4 Nb6 48. Bd3 fxg4 49. fxg4 Kc5 50. Nd1 Kd4 51. Nxb2 e4 52. Ba6 Nd5
53. Nd1 Nf4+ 54. Kd2 Ng2 55. Bf1 Nh4 56. Ke2 Nf3 57. h3 Ke5 58. Bg2 Nd4+ 59.
Kf2 Kf4 60. Ne3 Ke5 61. Bf1 Ne6 62. Bb5 Nf4 63. Kg3 Kd4 64. Ng2 Nd5 65. Be8 Ne7
66. Kf2 Ke5 67. Ne3 Kd4 68. Ke2 Ke5 69. Bf7 Kf4 70. Nf1 Ke5 71. Ke3 Kf6 72. Bb3
Ke5 73. Nd2 Nf5+ 74. gxf5 gxf5 75. Bc2 (75. Nc4+ Kd5 76. Na5+) 75... g4 76.
hxg4 fxg4 77. Bxe4 g3 78. Bg2 Kf5 79. Kd4 Ke6 80. Ne4 Kf5 81. Nxg3+ Ke6 82. Be4
Kd6 83. Bd5 Ke7 84. Ne4 Kf8 85. Ke5 Kg7 86. Kf5 Kh6 87. Kf6 Kh7 88. Ng5+ Kh8
89. Nf7+ Kh7 90. Be4+ Kg8 91. Bd3 Kf8 92. Bh7 Ke8 93. Ne5 Kf8 94. Nd7+ Ke8 95.
Ke6 1-0

[Event "Tradewise Gibraltar"]
[Site "Caleta ENG"]
[Date "2015.01.30"]
[EventDate "2015.01.27"]
[Round "4.49"]
[Result "1/2-1/2"]
[White "Andy Baert"]
[Black "Axel Smith"]
[WhiteElo "2114"]
[BlackElo "2483"]
[PlyCount "180"]

1. d4 e6 2. c4 Bb4+ 3. Nc3 b6 4. e4 Bb7 5. Bd3 f5 6. f3 Nh6 7. Ne2 fxe4 8. fxe4
O-O 9. a3 Bxc3+ 10. Nxc3 Nc6 11. Be3 e5 12. d5 Nd4 13. Qh5 Qe8 14. Qxe8 Raxe8
15. h3 c6 16. O-O-O Nf7 17. Bc2 c5 18. Rdf1 Nd6 19. b3 Rb8 20. a4 a6 21. Bd1
Rxf1 22. Rxf1 Bc8 23. Bg5 Nf7 24. Be7 Bb7 25. Kb2 d6 26. Bg4 Re8 27. Bh4 Bc8 28.
Bxc8 Rxc8 29. Bf2 Rb8 30. Be3 g6 31. h4 h5 32. Rf2 Kg7 33. Bd2 Rb7 34. Be3 Nd8
35. Bg5 Nf7 36. Be3 Rd7 37. Rf1 Nd8 38. Bg5 Nb7 39. Nb1 Nd8 40. Nc3 Nf7 41. Be3
Re7 42. Rf2 Ra7 43. Rf1 Rd7 44. Rf2 Nd8 45. Bg5 Nb7 46. Nb1 Rf7 47. Rxf7+ Kxf7
48. Nd2 Ne2 49. Kc2 Nf4 50. g3 Ne2 51. Kd3 Nd4 52. Be3 Ke7 53. Bg5+ Ke8 54. Be3
Nd8 55. Bg5 Nf7 56. Be3 Ke7 57. Bf2 g5 58. Be3 gxh4 59. gxh4 Kd7 60. Bf2 Nh8 61.
Be3 Ng6 62. Bg5 Kc7 63. Ke3 Kd7 64. Nf1 Nxb3 65. Ng3 Nf4 66. Bxf4 exf4+ 67. Kxf4
Nd2 68. Nxh5 Nxc4 69. Nf6+ Ke7 70. Ng4 b5 71. axb5 axb5 72. Ne3 Ne5 73. Nf5+ Kd7
74. Ke3 b4 75. Kd2 c4 76. h5 Nf3+ 77. Kc2 b3+ 78. Kc3 Ng5 79. Ng3 Ke8 80. Kb2
Kf7 81. Nf5 Nxe4 82. Ne3 Nd2 83. Kc3 Ne4+ 84. Kb2 Kf6 85. Nxc4 Kg5 86. Kxb3 Kxh5
87. Kb4 Nf6 88. Nxd6 Nxd5+ 89. Kc5 Ne3 90. Nc4 Nxc4 1/2-1/2

[Event "Tradewise Gibraltar"]
[Site "Caleta ENG"]
[Date "2015.01.30"]
[EventDate "2015.01.27"]
[Round "4.64"]
[Result "0-1"]
[White "Al-Tamimi, Hamad"]
[Black "Das Neelotpal"]
[WhiteElo "2214"]
[BlackElo "2437"]
[PlyCount "66"]

1. e4 e6 2. d4 d5 3. exd5 exd5 4. Bd3 c5 5. Qe2+ Be7 6. dxc5 Nf6 7. Nf3 O-O 8.
O-O Bxc5 9. Bg5 h6 10. Bh4 Nc6 11. c3 g5 12. Bg3 Re8 13. Qc2 Ne4 14. Nbd2 f5 15.
Nb3 Bb6 16. Nfd4 f4 17. f3 Nxg3 18. hxg3 fxg3 19. Rae1 Rf8 20. Re3 Kh8 21. Qd2
Qf6 22. f4 gxf4 23. Rxg3 Ne5 24. Nc1 Qh4 25. Ne2 f3 26. Qe3 Ng4 27. Rxg4 Bxg4
28. Nf4 Rf6 29. Ng6+ Rxg6 30. Bxg6 Bc7 31. Nxf3 Bxf3 32. Qd4+ Qxd4+ 33. cxd4 Rg8 0-1

[Event "Tradewise Gibraltar"]
[Site "Caleta ENG"]
[Date "2015.01.30"]
[EventDate "2015.01.27"]
[Round "4.66"]
[Result "0-1"]
[White "Victor Havik"]
[Black "Eylon Nakar"]
[WhiteElo "2137"]
[BlackElo "2419"]
[PlyCount "70"]

1. d4 Nf6 2. c4 e6 3. Nc3 Bb4 4. e3 O-O 5. Bd3 b6 6. Ne2 Bb7 7. O-O d5 8. cxd5
exd5 9. Ng3 Re8 10. Bd2 Nbd7 11. a3 Bf8 12. Rc1 c5 13. Qf3 g6 14. Qf4 a6 15. Bb1
Bg7 16. Na4 Rc8 17. dxc5 bxc5 18. b4 c4 19. Bc3 Bc6 20. Bc2 Nf8 21. Qd4 Ne6 22.
Qd2 Qc7 23. Bd1 h5 24. Qb2 d4 25. exd4 Nd5 26. Nc5 Nxc3 27. Qxc3 Nxd4 28. Qd2 h4
29. Ne2 Nxe2+ 30. Bxe2 c3 31. Qc2 h3 32. g3 Qe5 33. Bc4 Qf6 34. Be2 Bf3 35. Nd7 0-1

[Event "Tradewise Gibraltar"]
[Site "Caleta ENG"]
[Date "2015.01.30"]
[Round "4.68"]
[White "Yago De Moura Santiago"]
[Black "Alan J Walton"]
[Result "0-1"]
[WhiteElo "2406"]
[BlackElo "2129"]
[Annotator "Wall,Bill"]
[PlyCount "42"]
[EventDate "2015.01.27"]

1. e4 e6 2. d4 d5 3. e5 c5 4. c3 Nc6 5. Nf3 Qb6 6. a3 cxd4 7. cxd4 Nh6 8. b4
Nf5 9. Be3 f6 10. exf6 gxf6 11. Bd3 Nxe3 12. fxe3 Bh6 13. Qe2 e5 14. Nfd2 O-O
15. Qh5 Kg7 16. Nc3 Ne7 17. Rf1 $2 (17. Qe2) 17... e4 18. Nxd5 (18. Be2 Bxe3)
18... Nxd5 19. Bxe4 (19. Qxd5 exd3) 19... Nxe3 20. Rf3 Qxd4 21. Rg3+ Ng4 0-1

[Event "Tradewise Gibraltar"]
[Site "Caleta ENG"]
[Date "2015.01.30"]
[EventDate "2015.01.27"]
[Round "4.99"]
[Result "1-0"]
[White "Claus Seyfried"]
[Black "Michael Klyszcz"]
[WhiteElo "2147"]
[BlackElo "1975"]
[PlyCount "58"]

1. e4 d5 2. exd5 Qxd5 3. Nc3 Qa5 4. d4 Nf6 5. Bc4 Bf5 6. Ne2 Nbd7 7. O-O e6 8.
Be3 Ne4 9. Nxe4 Bxe4 10. Nc3 Bg6 11. d5 e5 12. a3 c6 13. d6 Qd8 14. f4 Qh4 15.
Be2 f5 16. fxe5 Nxe5 17. Bf4 Qf6 18. Kh1 O-O-O 19. Qd4 Bxd6 20. Qxa7 Bf7 21. Na4
Bb8 22. Nb6+ Kc7 23. Qa5 Kd6 24. Rfe1 g5 25. Rad1+ Ke7 26. Qc5+ Ke8 27. Bxe5
Bxe5 28. Bf3 Rxd1 29. Bxd1 1-0

[Event "Tradewise Gibraltar"]
[Site "Caleta ENG"]
[Date "2015.01.30"]
[EventDate "2015.01.27"]
[Round "4.113"]
[Result "0-1"]
[White "Kjell Hakon Lien"]
[Black "Dustin Tennessee Opasiak"]
[WhiteElo "2020"]
[BlackElo "1729"]
[PlyCount "56"]

1. e4 e6 2. d4 d5 3. Nc3 Nf6 4. Bg5 Bb4 5. e5 h6 6. Bc1 Ne4 7. Qg4 g6 8. Ne2 c5
9. a3 Nxc3 10. axb4 Nxe2 11. Bxe2 cxd4 12. Qxd4 Nd7 13. f4 a5 14. Bd2 b6 15.
bxa5 bxa5 16. b4 a4 17. Bb5 Qc7 18. Rxa4 Rxa4 19. Bxa4 O-O 20. O-O Nb6 21. Bb3
Ba6 22. Ra1 Bc4 23. f5 Kh7 24. Bxh6 Rh8 25. f6 Kg8 26. Bg7 Rh5 27. Qxb6 Qxb6+
28. Kh1 Ba6 0-1

[Event "Tradewise Gibraltar"]
[Site "Caleta ENG"]
[Date "2015.01.30"]
[Round "4.117"]
[White "Ingrid Andrea Greibrokk"]
[Black "Henrik Oie Lobersli"]
[Result "0-1"]
[WhiteElo "1758"]
[BlackElo "1957"]
[Annotator "Wall,Bill"]
[PlyCount "36"]
[EventDate "2015.01.27"]

1. e4 e5 2. Nf3 Nc6 3. Bb5 Nf6 4. d3 Bc5 5. O-O d6 6. h3 O-O 7. Bg5 Ne7 8. Bxf6
gxf6 9. c3 a6 10. Bc4 Ba7 11. d4 Kh8 12. Kh1 Ng6 13. Na3 Nf4 14. Nc2 Rg8 15.
Ne3 Qf8 16. Rg1 Qh6 17. Bxf7 Bxh3 18. gxh3 $2 (18. Nh2) 18... Nxh3 (18... Nxh3
19. Rxg8+ Rxg8 20. Bxg8 Nxf2+) 0-1

[Event "Tradewise Gibraltar"]
[Site "Caleta ENG"]
[Date "2015.01.30"]
[Round "4.119"]
[White "Szilvia Lochte"]
[Black "John R Beadle"]
[Result "1-0"]
[WhiteElo "1934"]
[BlackElo "1694"]
[Annotator "Wall,Bill"]
[PlyCount "31"]
[EventDate "2015.01.27"]

1. d4 Nf6 2. Nf3 g6 3. g3 Bg7 4. Bg2 O-O 5. O-O d5 6. c3 c6 7. Nbd2 Nbd7 8. Re1
h6 9. e4 dxe4 10. Nxe4 Nxe4 11. Rxe4 Nf6 12. Re1 Re8 13. Ne5 Be6 $2 (13... Qb6)
14. Nxg6 Bg4 (14... fxg6 15. Rxe6) 15. Qb3 Be6 $2 (15... e6) 16. Qxb7 (16. Rxe6
fxe6 17. Bh3) 1-0

[Event "Tradewise Gibraltar"]
[Site "Caleta ENG"]
[Date "2015.01.31"]
[EventDate "2015.01.27"]
[Round "5.7"]
[Result "1/2-1/2"]
[White "Grigoriy Oparin"]
[Black "Yifan Hou"]
[WhiteElo "2551"]
[BlackElo "2673"]
[PlyCount "112"]

1. d4 Nf6 2. c4 e6 3. Nc3 Bb4 4. e3 O-O 5. Ne2 d5 6. a3 Be7 7. cxd5 exd5 8. g3
Nbd7 9. Bg2 Nb6 10. O-O a5 11. b3 Re8 12. Qd3 Bf8 13. Bd2 g6 14. f3 c5 15. dxc5
Bxc5 16. Nd4 Nbd7 17. Na4 b6 18. Nxc5 bxc5 19. Nb5 Ba6 20. a4 Qb6 21. Rfc1 Ne5
22. Qc3 Bxb5 23. axb5 Qxb5 24. Re1 a4 25. bxa4 Rxa4 26. Rxa4 Qxa4 27. g4 h6 28.
h3 Qc4 29. f4 Nd3 30. Qxc4 dxc4 31. Rb1 Kf8 32. Bc6 Re6 33. Rb8+ Ke7 34. Bb5 Rd6
35. Bc3 g5 36. Rb7+ Nd7 37. fxg5 hxg5 38. Bxc4 f6 39. Kg2 Ne5 40. Bxe5 fxe5 41.
Kf3 Rb6 42. Ra7 Rb4 43. Bd3 Kd6 44. Bf5 e4+ 45. Kg3 Ne5 46. Ra6+ Nc6 47. h4
gxh4+ 48. Kxh4 Kd5 49. g5 Ne7 50. Be6+ Ke5 51. Bg4 Nf5+ 52. Bxf5 Kxf5 53. Rc6
Rb3 54. Rxc5+ Kg6 55. Rc6+ Kg7 56. Rc7+ 1/2-1/2

[Event "Tradewise Gibraltar"]
[Site "Caleta ENG"]
[Date "2015.01.31"]
[EventDate "2015.01.27"]
[Round "5.31"]
[Result "1-0"]
[White "Emil Sutovsky"]
[Black "Stefan Docx"]
[WhiteElo "2637"]
[BlackElo "2450"]
[PlyCount "82"]

1. e4 c5 2. Nf3 d6 3. d4 cxd4 4. Nxd4 Nf6 5. Nc3 a6 6. Be3 e6 7. f3 b5 8. Qd2
Nbd7 9. g4 b4 10. Nce2 h6 11. Nf4 Ne5 12. O-O-O Qc7 13. h4 g6 14. Qxb4 Bd7 15.
Qd2 Qb7 16. Be2 Bb5 17. Nxb5 axb5 18. Qb4 Rxa2 19. Qb3 Ra5 20. Kd2 Be7 21. Ra1
Qa6 22. Rxa5 Qxa5+ 23. c3 Nfd7 24. Bxb5 Nxf3+ 25. Ke2 Ne5 26. Rf1 Qa8 27. Nxe6
Qxe4 28. Nc7+ Kf8 29. Qa4 Qxa4 30. Bxa4 Nc5 31. Bc2 Bxh4 32. b4 Ncd7 33. Bd4 Kg7
34. b5 Rb8 35. Be4 Bd8 36. Ne8+ Kf8 37. Nxd6 Bb6 38. Bxg6 Bxd4 39. cxd4 Nxg6 40.
Rxf7+ Kg8 41. Rxd7 1-0

[Event "Tradewise Gibraltar"]
[Site "Caleta ENG"]
[Date "2015.01.31"]
[EventDate "2015.01.27"]
[Round "5.41"]
[Result "0-1"]
[White "Erik Blomqvist"]
[Black "Swaminathan Soumya"]
[WhiteElo "2520"]
[BlackElo "2346"]
[PlyCount "56"]

1. e4 c5 2. Nf3 d6 3. Bb5+ Nd7 4. d4 Nf6 5. O-O cxd4 6. Qxd4 e5 7. Qe3 Be7 8.
Nc3 O-O 9. Rd1 a6 10. Bc4 b5 11. Bd5 Rb8 12. a3 Qc7 13. Ba2 b4 14. axb4 Rxb4 15.
Nh4 Nc5 16. f3 d5 17. Rxd5 Na4 18. Qd2 Nxc3 19. bxc3 Ra4 20. Rd3 Be6 21. Nf5
Rxa2 22. Rxa2 Bxa2 23. Qg5 g6 24. Rd6 Kh8 25. Rxa6 gxf5 26. Ba3 Qxc3 27. h3 Qe1+
28. Kh2 Ng4+ 0-1

[Event "Tradewise Gibraltar"]
[Site "Caleta ENG"]
[Date "2015.01.31"]
[EventDate "2015.01.27"]
[Round "5.42"]
[Result "1/2-1/2"]
[White "Pia Cramling"]
[Black "Robert Bellin"]
[WhiteElo "2518"]
[BlackElo "2338"]
[PlyCount "172"]

1. Nf3 e6 2. c4 f5 3. g3 Nf6 4. Bg2 Be7 5. O-O O-O 6. d4 c6 7. Qc2 a5 8. Nc3 d5
9. b3 Ne4 10. Bb2 Nd7 11. e3 Bd6 12. Ne2 Qf6 13. Ne1 Qe7 14. Nd3 Nef6 15. Rac1
b6 16. Ne5 Bb7 17. Nf4 Rfc8 18. Rfd1 Nf8 19. c5 Bc7 20. cxb6 Bxb6 21. Nfd3 N8d7
22. Nxd7 Nxd7 23. Nc5 Nxc5 24. Ba3 Ba6 25. Bxc5 Bxc5 26. Qxc5 Qxc5 27. Rxc5 Bb7
28. Bf1 Kf7 29. Bd3 Ke7 30. f3 Ba6 31. e4 Bxd3 32. Rxd3 fxe4 33. fxe4 dxe4 34.
Re3 a4 35. b4 a3 36. Rxe4 Rab8 37. Rce5 Rxb4 38. Rxe6+ Kf8 39. Re3 Rb1+ 40. Kg2
Rb2+ 41. Kh3 Rxa2 42. Rf3+ Kg8 43. Re7 Rf8 44. Rb3 Raf2 45. Rxa3 R2f7 46. Re4
Rd7 47. Rc3 Rf6 48. g4 h6 49. Kg3 Kf7 50. h4 Re7 51. Rf4 Re6 52. g5 hxg5 53.
hxg5 Rxf4 54. Kxf4 Rd6 55. Ke4 Rd5 56. g6+ Ke7 57. Rxc6 Rg5 58. Ra6 Rg4+ 59. Kd5
Rg5+ 60. Kc4 Rg4 61. Kc5 Rg1 62. Rc6 Kd7 63. Rb6 Ke7 64. Ra6 Rc1+ 65. Kd5 Rg1
66. Rd6 Rg2 67. Re6+ Kd7 68. Ra6 Ke7 69. Ra7+ Kf6 70. Kc6 Kxg6 71. d5 Rc2+ 72.
Kd7 Kf5 73. d6 g5 74. Ke7 Re2+ 75. Kf7 Rd2 76. Ra5+ Kf4 77. Ke6 g4 78. Rf5+ Ke4
79. Rg5 Kf4 80. Rd5 Rxd5 81. Kxd5 g3 82. d7 g2 83. d8=Q g1=Q 84. Qf6+ Kg3 85.
Qg5+ Kf2 86. Qxg1+ Kxg1 1/2-1/2

[Event "Tradewise Gibraltar"]
[Site "Caleta ENG"]
[Date "2015.01.31"]
[EventDate "2015.01.27"]
[Round "5.49"]
[Result "0-1"]
[White "Andy Baert"]
[Black "Pontus Carlsson"]
[WhiteElo "2114"]
[BlackElo "2465"]
[PlyCount "64"]

1. d4 Nf6 2. c4 e6 3. Nc3 Bb4 4. e3 O-O 5. Bd3 d5 6. cxd5 exd5 7. Ne2 Re8 8. Bd2
Bd6 9. Rc1 c6 10. O-O Ng4 11. g3 Nd7 12. Nf4 Nf8 13. Be2 Nf6 14. Na4 Ne4 15. Nd3
Bh3 16. Re1 Qg5 17. Nf4 Bxf4 18. exf4 Qf6 19. Be3 Ne6 20. b4 Nd6 21. Nc5 Nxc5
22. Rxc5 a6 23. a4 Bd7 24. b5 axb5 25. axb5 Nxb5 26. Bxb5 cxb5 27. Rxd5 Bc6 28.
Re5 Rxe5 29. dxe5 Qf5 30. Qe2 Qe4 31. f3 Qxf3 32. Qxf3 Bxf3 0-1

[Event "Tradewise Gibraltar"]
[Site "Caleta ENG"]
[Date "2015.01.31"]
[Round "5.50"]
[White "Kayden W Troff"]
[Black "Tereza Olsarova"]
[Result "1-0"]
[WhiteElo "2541"]
[BlackElo "2288"]
[Annotator "Wall,Bill"]
[PlyCount "39"]
[EventDate "2015.01.27"]

1. d4 d5 2. c4 c6 3. Nf3 Nf6 4. Nc3 e6 5. Qd3 dxc4 6. Qxc4 b5 7. Qd3 a6 8. Bg5
h6 9. Bxf6 Qxf6 10. e4 c5 11. d5 exd5 12. Nxd5 Qd8 13. a4 c4 14. Qc3 Bb7 15.
axb5 axb5 16. Qe5+ Kd7 $2 (16... Be7) 17. Rd1 Bd6 18. Nc3 Ra6 19. Qxb5+ Kc8 20.
Bxc4 1-0

[Event "Tradewise Gibraltar"]
[Site "Caleta ENG"]
[Date "2015.01.31"]
[Round "5.100"]
[White "Oscar Luiz Vieira Ferreira"]
[Black "Dirceu Viana"]
[Result "0-1"]
[WhiteElo "1980"]
[BlackElo "2268"]
[Annotator "Wall,Bill"]
[PlyCount "36"]
[EventDate "2015.01.27"]

1. e4 e6 2. d4 c5 3. Nf3 cxd4 4. Nxd4 Nf6 5. Bd3 Nc6 6. Nb3 Be7 7. O-O O-O 8.
Nc3 b6 9. f4 d6 10. f5 Ne5 11. Nd4 Qd7 12. Bf4 $2 (12. a4) 12... Nxd3 13. Qxd3
e5 14. Bd2 exd4 15. Qxd4 d5 16. Be3 Bc5 17. Qd3 Bxe3+ 18. Qxe3 d4 0-1